|
|
|
|
| LEADER |
01242cam a2200301 7i4500 |
| 001 |
0000053981 |
| 005 |
20180502090000.0 |
| 008 |
180502s2006 my a x 0 may |
| 040 |
# |
# |
|a UPM
|
| 090 |
0 |
0 |
|a L 583
|b .P4 2006
|
| 245 |
0 |
0 |
|a Perangkaan sepintas lalu pengajian tinggi Malaysia 2005.
|
| 264 |
# |
4 |
|c ♭ 2006.
|
| 264 |
# |
1 |
|a Putrajaya:
|b Bahagian Perancangan & Penyelidikan, Kementerian Pengajian Tinggi Malaysia,
|c 2006.
|
| 300 |
# |
# |
|a xiii, 144 pages:
|b illustration;
|c 18 cm..
|
| 336 |
# |
# |
|a text
|2 rdacontent
|
| 337 |
# |
# |
|a unmediated
|2 rdamedia<U+0009>
|
| 338 |
# |
# |
|a volume
|2 rdacarrier<U+0009>
|
| 650 |
0 |
0 |
|a Universities and colleges --
|x Statistics --
|z Malaysia
|
| 650 |
0 |
0 |
|a Higher education and state --
|z Malaysia
|
| 650 |
0 |
0 |
|a Education, Higher --
|x Statistics --
|z Malaysia
|
| 710 |
2 |
1 |
|a Kementerian Pengajian Tinggi Malaysia
|
| 999 |
|
|
|a 1100046461
|b Book
|c Rujukan
|e STACKROOM 2
|
| 999 |
|
|
|a 1100046418
|b Book
|c Rujukan
|e STACKROOM 2
|
| 999 |
|
|
|a 1100046417
|b Book
|c Rujukan
|e STACKROOM 2
|
| 999 |
|
|
|a 1100046416
|b Book
|c Rujukan
|e STACKROOM 2
|
| 999 |
|
|
|a 1100046415
|b Book
|c Open Shelf
|e KOLEKSI TERBUKA
|
| 999 |
|
|
|a 1100046414
|b Book
|c Open Shelf
|e KOLEKSI TERBUKA
|
| 999 |
|
|
|a 1100086324
|b Book
|c Post Graduate
|e POST GRADUATE LOUNGE
|